000 00592cam a22002291 4500
001 ne 63001326
003 DLC
005 20260227111747.0
008 890514s1961 xx 000 0 ara
010 _ane 63001326
035 _a(OCoLC)23502636
040 _aDLC
_cMiU
_dDLC
042 _apremarc
050 0 0 _aBP176
_b.L3 1961
110 2 _aLajnat Tawḥīd al-Madhāhib al-Islāmīyah.
245 1 0 _aFiqh al-Islām.
260 _c[1961. 1971]
300 _a304 p.
_c20 cm.
500 _aRomanized.
650 0 _aPillars of Islam
700 1 _aal-Mutaʻāfi, Raḍwān Shāfiʻī.
999 _c46050
_d46050